00681cam a22002291 4500001001300000003000400013005001700017008004100034010001700075035002000092040004000112042001200152050002000164082001300184100002300197245007600220260003200296300001900328504003100347600005800378999001500436af 47006449 DLC20260227110837.0890622s1943 be b 000 0 dut c aaf 47006449  a(OCoLC)19914708 aChicago. Univ. LibrarycCUdCUdDLC apremarc00aPT6458.V44bZ94 a839.32251 aVerheecke, Marcel.00aJacob van Artevelde,chet dramatisch meesterwerk van Cyriel Verschaeve. aBrugge,b"Zeemeeuw,"c1943. a121 p.c20 cm. aBibliographical footnotes.10aVerschaeve, Cyriel,d1874-1949.tJacob van Artevelde. c3552d3552